000 00500nam a2200157 i 4500
001 62606
003 ES-MaACL
005 20230906164710.0
007 t|
008 031124s1913 sp ||||1| spa d
100 1 _aFernández Gutiérrez, Adolfo.
_949839
245 1 3 _aEl sufragio
_b: su naturaleza : su carácter en la legislación española vigente /
_cAdolfo Fernández Gutiérrez.
260 _aCáceres :
_b[s.n.,
_c1913] (
_fMinerva)
502 _aTesis doctoral.
852 _aES-MaACL
_j1527-F-2
999 _c62606
_d62606